| 000 | 00593nam a22002057a 4500 | ||
|---|---|---|---|
| 003 | OSt | ||
| 005 | 20260422053713.0 | ||
| 008 | 260422b |||||||| |||| 00| 0 eng d | ||
| 020 | _a971-42-0385-6 | ||
| 040 |
_aDWC-Main Lib. _cOC |
||
| 082 | _aFil. 170 Ar78v 2003 | ||
| 100 | _aArticulo, Archimedes C. | ||
| 245 |
_aValues and work ethics/ _cArchimedes C. Articulo |
||
| 260 |
_aBulacan : _bTrinitas Publishing, Inc., _cc2003. |
||
| 300 |
_a330 p. ; _c25 cm. |
||
| 500 | _aIncludes note. | ||
| 650 | _a1. Ethics | ||
| 700 | _aFlorendo, Gloria G. | ||
| 942 |
_2ddc _cBK - FIL _hFil. _n0 |
||
| 999 |
_c9685 _d9685 |
||